[Event "Madrid Vicalvaro op"]
[Site "Madrid"]
[Date "2022.06.05"]
[Round "5"]
[White "Eyras Daguerre, Juan Ramon"]
[Black "Urbelz Perez, Ignacio"]
[Result "0-1"]
[WhiteElo "1411"]
[BlackElo "1488"]
[PlyCount "112"]
[EventDate "2022.05.08"]
[EventType "swiss"]
[EventRounds "7"]
[EventCountry "ESP"]
[SourceTitle "EXT 2024"]
[Source "ChessBase"]
[SourceDate "2023.10.10"]
[SourceVersion "1"]
[SourceVersionDate "2023.10.10"]
[SourceQuality "1"]

1. d4 Nf6 2. c4 g6 3. Nc3 Bg7 4. Bg5 d6 5. h3 0-0 6. Nf3 Re8 7. e3 Nbd7 8. Be2 e5 9. dxe5 Nxe5 10. Qc2 a6 11. Rd1 c6 12. Nxe5 Rxe5 13. Bf4 Re6 14. 0-0 b5 15. Bf3 Bb7 16. Ne4 Nxe4 17. Bxe4 Qe7 18. Bf3 Be5 19. cxb5 Bxf4 20. bxc6 Bxc6 21. Qxc6 Ra7 22. exf4 a5 23. Qc8+ Kg7 24. Qc3+ Kg8 25. Bd5 Re2 26. a4 Qd8 27. b3 Qb6 28. Qc4 Rae7 29. Qc8+ Kg7 30. Qc3+ Kg8 31. Bc4 R2e4 32. Rde1 Qc5 33. Rxe4 Rxe4 34. Re1 Rxe1+ 35. Qxe1 d5 36. Qe8+ Kg7 37. Qe5+ Kg8 38. Qxd5 Qxd5 39. Bxd5 Kf8 40. g4 f6 41. f3 h6 42. Kf2 Ke7 43. Ke3 Kd6 44. Kd4 f5 45. Bf7 g5 46. fxg5 fxg4 47. gxh6 g3 48. h7 g2 49. h8Q g1Q+ 50. Ke4 Qe1+ 51. Kf4 Qb4+ 52. Kg5 Qd2+ 53. f4 Qg2+ 54. Kh6 Qxh3+ 55. Kg7 Qc3+ 56. Kf8 Qxh8+ 0-1